U.S. States or European Countries by coldest capitals - Statistics

General Stats
  • This quiz has been taken 280 times
    258 since last reset
  • The average score is 16 of 20
Answer Stats
C F Answer % Correct
4.9 40.8 Russia
99%
5.6 42.1 Norway
98%
6.3 43.3 Sweden
98%
4.7 40.5 Finland
97%
4.5 40.1 Iceland
92%
6.3 43.3 Latvia
91%
5.3 41.5 Estonia
90%
6.0 42.8 Lithuania
87%
6.6 43.9 Maine
87%
3.6 38.4 Alaska
86%
4.8 40.6 North Dakota
85%
5.9 42.6 Belarus
81%
5.8 42.4 Montana
81%
4.2 39.6 Vermont
80%
6.8 44.2 New Hampshire
76%
4.8 40.6 Wisconsin
70%
6.6 43.9 Switzerland
57%
6.4 43.5 Colorado
53%
5.7 42.2 Liechtenstein
45%
6.9 44.4 New Mexico
14%
No matching quizzes found
Score Distribution
Percent of People with Each Score
Percentile by Number Answered
Your Score History
You have not taken this quiz since the last reset